000 00605nam a2200217Ia 4500
005 20250425161829.0
008 250425s9999 xx 000 0 und d
041 _aspa
082 _a379.344
245 0 _aPROPUESTA DE: CREACION DEL PROGRAMA DE POSTGRADO ESPECIALIZACION EN MARKETING DE LA ESPAE
250 _a1A ED.
260 _aEcuador
_bESCUELA SUPERIOR POLITECNICA DEL LITORAL
_c1995
260 _aGUAYAQUIL
300 _a30
650 _aEDUCACION SUPERIOR
650 _aEDUCACION-ESPOL
650 _aMARKETING
650 _aPOSTGRADO-PROGRAMA DE EST
942 _c01
010 _a31560
999 _c217003
_d217003